000
00318nam a22001457a 4500
008
240318b ||||| |||| 00| 0 eng d
020
_a
9780671767891
041
_a
eng
080
_2
1992
_a
34
082
_a
34WAL
100
_a
32
101
_a
JUREDIK
245
_a
COMPLEXITY
_c
MITCHELL WALDROP
942
_2
udc
_c
BK
999
_c
60608
_d
60608